000 00918nmc a2200313 a 4500
003 AR-BaBNM
005 20251128211046.0
008 092020s2000 ||||||||||||||000 | spa||
020 _a987-98166-3-3
040 _cAR-BaBNM
100 1 _aTeodori, Claudia
245 1 0 _aFragmentación social y desprotección de las personas
_ben la Argentina de fines del siglo XX
260 _aBuenos Aires
_bDel Signo
_c2000
300 0 _a85 p.
_btablas
490 0 _aSituaciones
_vv. 4
504 _aContiene bibliografía al final de cada capítulo
650 4 _aDESARROLLO ECONOMICO Y SOCIAL
650 4 _aCIENCIAS SOCIALES
650 4 _aSOCIEDAD
650 4 _aSOCIEDAD CONTEMPORANEA
650 4 _aSOCIOLOGIA
650 4 _aREGLAS Y NORMAS
650 4 _aTRABAJO
700 1 _aSuárez, Eduardo
700 1 _aGruschetsky, Mariano
700 1 _aSeverini, Silvia
_ecoordinador
942 _cBK
998 _cmariana
999 _c18049
_d18049